000 00555nam a2200229 a 4500
001 nice12345678
003 IN_TiNIC
005 20260116011755.0
008 050524s1981 dela grp 000 0 eng
020 _a
_c25
082 0 0 _a297
_bKIT
245 _aBook of Islam
_b Prophet, Angels and Moral Teaching
260 _aDelhi
_bKitab Bhavan
_c1981
300 _a117p
500 _aincludes index and biblioraphy
505 2 _a3 parts
650 _aIslam-Meccan Trade
710 2 _aKita Bhavan
902 _bSRS
942 _cBK
999 _c3864
_d3864